[Event "World Stars Sharjah Online International"]
[Site "ICC INT"]
[Date "2020.06.13"]
[EventDate "2020.06.12"]
[Round "9"]
[Result "1-0"]
[White "Pentala Harikrishna"]
[Black "A R Saleh Salem"]
[WhiteElo "2719"]
[BlackElo "2682"]
[PlyCount "91"]

1. e4 c5 2. Nf3 Nc6 3. Bb5 e6 4. O-O Nge7 5. Re1 a6 6. Bf1 d5
7. exd5 Nxd5 8. d4 Nf6 9. Be3 Be7 10. dxc5 Qxd1 11. Rxd1 Ng4
12. Bd2 Bxc5 13. Be1 Nf6 14. c4 e5 15. Nc3 Bg4 16. Be2 Nd4
17. Nxd4 Bxd4 18. Bxg4 Nxg4 19. Ne2 Ba7 20. h3 Nf6 21. Ng3 O-O
22. Bc3 Rfe8 23. Re1 Bb8 24. Rad1 Bc7 25. Nf5 Re6 26. g4 h6
27. c5 Rae8 28. b4 Kh7 29. a4 g6 30. Ne3 h5 31. Nd5 Nxd5
32. Rxd5 hxg4 33. hxg4 e4 34. Kg2 Kg8 35. Rd7 R6e7 36. Red1 f5
37. gxf5 gxf5 38. R1d5 e3 39. fxe3 Rxe3 40. Rg7+ Kh8 41. Rg3+
Kh7 42. Rd7+ Kh6 43. Bg7+ Kh5 44. Rxe3 Rxe3 45. Rxc7 Kg4
46. Bd4 1-0

[Event "World Stars Sharjah Online International"]
[Site "ICC INT"]
[Date "2020.06.13"]
[EventDate "2020.06.12"]
[Round "10"]
[Result "1-0"]
[White "Radoslaw Wojtaszek"]
[Black "Pentala Harikrishna"]
[WhiteElo "2719"]
[BlackElo "2719"]
[PlyCount "155"]

1. d4 Nf6 2. c4 e6 3. Nc3 Bb4 4. Nf3 d5 5. cxd5 exd5 6. Bf4 c6
7. e3 O-O 8. Bd3 Bg4 9. O-O Bd6 10. h3 Bh5 11. g4 Bg6 12. Ne5
Qe7 13. Nxg6 hxg6 14. Bxd6 Qxd6 15. g5 Nh7 16. Qg4 Nd7 17. h4
Rfe8 18. Kg2 c5 19. Rh1 cxd4 20. exd4 Nhf8 21. h5 Ne6 22. Ne2
Qe7 23. hxg6 Qxg5 24. gxf7+ Kxf7 25. Qxg5 Nxg5 26. Nf4 Red8
27. Rh5 Ne4 28. Rxd5 Ndf6 29. Rxd8 Rxd8 30. Bc4+ Ke7 31. Rd1
Kd6 32. Ne6 Rc8 33. Bb3 Ng4 34. Re1 Nexf2 35. Nc5 b6 36. Re6+
Kc7 37. Re7+ Kc6 38. Na6 Nd3 39. Rxg7 Nf6 40. Rf7 Ne4 41. Re7
Nd6 42. a4 b5 43. a5 b4 44. Bc2 Nf4+ 45. Kf3 Nd5 46. Ba4+ Nb5
47. Re6+ Kd7 48. Re5 Kc6 49. Ke4 Nf6+ 50. Kd3 Nd5 51. Re6+ Kd7
52. Re5 Kc6 53. Nc5 Rb8 54. Re6+ Kc7 55. Na6+ Kb7 56. Nxb8
Nf4+ 57. Kc4 Na3+ 58. bxa3 Nxe6 59. Nc6 bxa3 60. Nb4 a2
61. Nxa2 Ka6 62. Bd7 Nxd4 63. Kxd4 Kxa5 64. Kc4 a6 65. Nc3 Kb6
66. Kb4 Kc7 67. Bg4 Kb6 68. Ka4 Kc5 69. Ka5 Kc4 70. Na4 Kd5
71. Be2 Kc6 72. Bxa6 Kd5 73. Kb5 Kd4 74. Nb6 Ke5 75. Kc5 Ke4
76. Nc4 Kd3 77. Bb7 Kc3 78. Be4 1-0